00249nam a2200097Ia 4500008004100000041000800041100001700049245005000066260002800116365000700144231011s9999 xx 000 0 und d aeng aKudryavtsev. aA Brief Course Higher Mathematics Domidovich. bMIR Publishar Moscow. - b22